000 00424nam a2200157Ia 4500
003 GCL
008 140319s9999 xx 000 0 ara d
040 _aGCL /
_cGCL
082 0 4 _a813.03
_bم م \\=aمحمود حنفىv
245 1 0 _aالمهاجر (رواية)
300 _a110 ص
490 _aاقلام الصحوة
_v0
650 0 4 _aالادب العربى
650 0 4 _aالقصص العربية
942 _2ddc
_cBK
999 _c40099
_d40099